000 00867nam a2200241 a 4500
001 53634
003 BD-RjUL
005 20211209080008.0
008 161018s1966 ii |||| ||| 001 0 ben d
020 _c: IRs 2.50
035 _a(BD-RjUL)53756
040 _aBD-RjUL
_bben
_cBD-RjUL
_dBD-RjUL
041 _aben
082 _223
_a891.444
_bSEB 1967
100 1 _aসেন, সুকুমার
_9123087
245 1 0 _aবাঙ্ঙ্গালা সাহিত্যে গদ্য /
_cসুকুমার সেন
250 _a৪র্থ সং.
260 _aকলকাতা :
_bইস্টার্ন পাবলিসার্স,
_c১৯৬৭ [১৩৭৩]
300 _a[৩] ২২৩ পৃ. ;
_c২১ সেমি.
650 _aবাংলা প্রবন্ধ
_9146908
650 _aBengali essay
_9146909
942 _2ddc
_cBK
999 _c53634
_d53634